[Event "Europa tch 2011 femenino"]
[Site "Porto Carras"]
[Date "2011.11.09"]
[Round "7.14"]
[White "Vojinovic, Jovana"]
[Black "Johnsen, Sylvia"]
[Result "1-0"]
[WhiteElo "2346"]
[BlackElo "2028"]
[PlyCount "145"]
[EventDate "2011.11.03"]
[EventType "team"]
[EventRounds "9"]
[EventCountry "GRE"]
[Source "lmi"]
[SourceDate "2011.11.03"]
[WhiteTeamCountry "NED"]
[BlackTeamCountry "GRE"]

1. d4 d5 2. Nf3 Nf6 3. c4 e6 4. Nc3 Be7 5. cxd5 exd5 6. Bg5 Nbd7 7. e3 h6 8.
Bh4 O-O 9. Bd3 b6 10. O-O Bb7 11. Qc2 c5 12. Rad1 c4 13. Bf5 a6 14. Ne5 b5 15.
f3 Ra7 16. a3 Ba8 17. Bf2 Qb8 18. Nxd7 Nxd7 19. e4 Nb6 20. e5 Bc6 21. f4 a5 22.
Qe2 b4 23. axb4 axb4 24. Nb1 Ra2 25. Rd2 Na4 26. e6 f6 27. Be1 b3 28. Rf3 Qa7
29. Rh3 Be8 30. Kh1 Kh8 31. Nc3 Nxc3 32. Rxc3 Ra1 33. Rd1 Rxd1 34. Qxd1 Qa2 35.
Qc1 Bh5 36. Rh3 Be8 37. Bc3 Qa7 38. Qe1 Rg8 39. Bb1 Qa1 40. Re3 Bh5 41. Qf1 Bg6
42. f5 Bh5 43. Re1 Qa8 44. Qf4 Rc8 45. Qh4 Be8 46. Re3 Qa1 47. Qe1 Rd8 48. Rh3
Qa6 49. Qc1 Qa7 50. Bd2 Bf8 51. Rh4 Ra8 52. g3 Qc7 53. Kg2 Ra1 54. Rf4 Qb6 55.
Qe1 Bd6 56. Rh4 Qa7 57. Qc1 Bf8 58. Kh3 Kh7 59. Rf4 Bd6 60. Rh4 Bf8 61. Be3 Qa5
62. e7 Qb4 63. exf8=Q Qxf8 64. Bd2 Bb5 65. Rf4 g5 66. Rf1 Qc8 67. Kg2 Kg7 68.
Qc3 Ra4 69. Qe3 Kf7 70. Re1 Qa6 71. h4 Qd6 72. hxg5 fxg5 73. f6 1-0

[Event "Europa tch 2011 femenino"]
[Site "Porto Carras"]
[Date "2011.11.10"]
[Round "8.1"]
[White "Collas, Silvia"]
[Black "Pogonina, Natalija"]
[Result "0-1"]
[WhiteElo "2287"]
[BlackElo "2451"]
[PlyCount "56"]
[EventDate "2011.11.03"]
[EventType "team"]
[EventRounds "9"]
[EventCountry "GRE"]
[Source "lmi"]
[SourceDate "2011.11.03"]
[WhiteTeamCountry "NED"]
[BlackTeamCountry "GRE"]

1. d4 Nf6 2. c4 e6 3. Nc3 Bb4 4. g3 O-O 5. Bg2 d6 6. Bd2 c5 7. a3 Ba5 8. Nf3
Nc6 9. d5 Ne7 10. Nh4 exd5 11. cxd5 Nf5 12. Nxf5 Bxf5 13. O-O Re8 14. Re1 Ne4
15. Nxe4 Bxe4 16. b4 cxb4 17. axb4 Bb6 18. Bc3 Qe7 19. Ra3 Bxg2 20. Kxg2 Qe4+
21. Kg1 Rac8 22. Qd2 f6 23. Raa1 Rc4 24. e3 Rec8 25. Rac1 R8c7 26. Red1 Qf5 27.
Bb2 Rc2 28. Rxc2 Rxc2 0-1

[Event "Europa tch 2011 femenino"]
[Site "Porto Carras"]
[Date "2011.11.10"]
[Round "8.1"]
[White "Gunina, Valentina"]
[Black "Guichard, Pauline"]
[Result "1/2-1/2"]
[WhiteElo "2514"]
[BlackElo "2305"]
[PlyCount "139"]
[EventDate "2011.11.03"]
[EventType "team"]
[EventRounds "9"]
[EventCountry "GRE"]
[Source "lmi"]
[SourceDate "2011.11.03"]
[WhiteTeamCountry "NED"]
[BlackTeamCountry "GRE"]

1. d4 Nf6 2. Nf3 e6 3. c4 d5 4. Nc3 dxc4 5. e4 Bb4 6. Bg5 b5 7. a4 Bb7 8. e5 h6
9. Bd2 Nd5 10. axb5 Nb6 11. Be2 a6 12. bxa6 Nxa6 13. O-O O-O 14. Na4 Be7 15.
Nxb6 cxb6 16. Bxc4 Nc7 17. Rxa8 Qxa8 18. Ne1 b5 19. Bd3 Be4 20. Qg4 Bxd3 21.
Nxd3 Kh8 22. Nf4 Qe4 23. Re1 Qc2 24. Ba5 Ra8 25. Bxc7 Qxc7 26. h4 Ra4 27. Kh2
Qd8 28. Re4 Bxh4 29. Nxe6 fxe6 30. Qxh4 Qxh4+ 31. Rxh4 Rb4 32. Kg3 Kg8 33. Rf4
Rxb2 34. Kf3 Rc2 35. Ke3 Rc7 36. Kd3 Rc8 37. Rh4 Kf7 38. Rh1 Kg6 39. Ra1 Kf5
40. Ra7 b4 41. f3 Rc3+ 42. Kd2 Rc4 43. Rf7+ Kg6 44. Re7 Rxd4+ 45. Ke3 Rc4 46.
Rxe6+ Kf5 47. Re7 g5 48. g4+ Kg6 49. Re6+ Kg7 50. Rb6 Rf4 51. Rc6 Rf7 52. Rb6
Rf4 53. Rb7+ Kg8 54. Kf2 Rc4 55. Ke3 Rf4 56. Ke2 Rc4 57. Kd3 Rf4 58. Ke3 Rc4
59. Rd7 Rf4 60. Kf2 Rc4 61. Ke3 Rf4 62. e6 Kf8 63. Rb7 Rf6 64. Rb8+ Ke7 65.
Rxb4 Rxe6+ 66. Kd4 Kf6 67. Rb5 Kg6 68. Kd5 Rf6 69. Rb3 h5 70. gxh5+ 1/2-1/2

[Event "Europa tch 2011 femenino"]
[Site "Porto Carras"]
[Date "2011.11.10"]
[Round "8.1"]
[White "Kosintseva, Nadezhda"]
[Black "Milliet, Sophie"]
[Result "1-0"]
[WhiteElo "2546"]
[BlackElo "2386"]
[PlyCount "109"]
[EventDate "2011.11.03"]
[EventType "team"]
[EventRounds "9"]
[EventCountry "GRE"]
[Source "lmi"]
[SourceDate "2011.11.03"]
[WhiteTeamCountry "NED"]
[BlackTeamCountry "GRE"]

1. e4 e5 2. Nf3 Nc6 3. Bb5 f5 4. d3 fxe4 5. dxe4 Nf6 6. O-O d6 7. a3 Bg4 8. Qd3
Qd7 9. Nc3 Be7 10. h3 Bh5 11. Nd5 O-O 12. Bxc6 bxc6 13. Nxe5 Qe8 14. Nxc6 Nxd5
15. Qxd5+ Bf7 16. Nxe7+ Qxe7 17. Bg5 Qe8 18. Qd4 Qc6 19. Rfe1 Rab8 20. Bd2 Qc4
21. Bc3 Qxd4 22. Bxd4 a6 23. b4 Rfe8 24. Re3 Rb5 25. c4 Rbb8 26. c5 dxc5 27.
Bxc5 Rbd8 28. Rae1 Bc4 29. f4 Rd2 30. Kh2 Red8 31. f5 Rc2 32. Rg3 Rdd2 33. Be3
Re2 34. Rd1 Rc3 35. Rd8+ Kf7 36. Rd7+ Ke8 37. Rxc7 Rexe3 38. Rxe3 Rxe3 39. Rxc4
Rxa3 40. Rc7 Kf8 41. e5 Rb3 42. f6 gxf6 43. exf6 Rxb4 44. Rxh7 Rb6 45. g4 Rxf6
46. Ra7 Rf2+ 47. Kg3 Ra2 48. h4 a5 49. h5 a4 50. h6 Kg8 51. Kh4 a3 52. Kh5 Kf8
53. h7 Rh2+ 54. Kg6 a2 55. Rxa2 1-0

[Event "Europa tch 2011 femenino"]
[Site "Porto Carras"]
[Date "2011.11.10"]
[Round "8.1"]
[White "Maisuradze, Nino"]
[Black "Kosintseva, Tatiana"]
[Result "1/2-1/2"]
[WhiteElo "2315"]
[BlackElo "2526"]
[PlyCount "116"]
[EventDate "2011.11.03"]
[EventType "team"]
[EventRounds "9"]
[EventCountry "GRE"]
[Source "lmi"]
[SourceDate "2011.11.03"]
[WhiteTeamCountry "NED"]
[BlackTeamCountry "GRE"]

1. d4 Nf6 2. c4 e6 3. Nc3 Bb4 4. Nf3 d5 5. Qa4+ Nc6 6. Bg5 h6 7. Bxf6 Qxf6 8.
e3 O-O 9. Be2 Rd8 10. O-O Bf8 11. a3 dxc4 12. Bxc4 Bd7 13. Qc2 a6 14. Rac1 Bd6
15. Rfd1 Re8 16. Ba2 Rac8 17. Bb1 g6 18. Ne4 Qe7 19. Nc5 Bxc5 20. Qxc5 Qxc5 21.
Rxc5 Ne7 22. Rdc1 c6 23. Ne5 Red8 24. Ba2 Be8 25. g4 Kg7 26. h4 Rc7 27. b4 Nc8
28. f4 Nd6 29. Bb1 Re7 30. a4 Ra8 31. Bd3 Rd8 32. Kg2 f6 33. Nf3 Nf7 34. Bc2 e5
35. dxe5 fxe5 36. f5 gxf5 37. gxf5 Kf6 38. Kf2 Nd6 39. e4 Bh5 40. Rg1 Ree8 41.
Ke3 Rd7 42. Bb3 Nf7 43. Bxf7 Bxf7 44. b5 cxb5 45. axb5 a5 46. Ra1 Bh5 47. Rxa5
Bxf3 48. Kxf3 Rd3+ 49. Ke2 Red8 50. b6 Rd2+ 51. Ke1 Rd1+ 52. Ke2 R8d2+ 53. Ke3
Rd3+ 54. Ke2 R3d2+ 55. Ke3 Rd3+ 56. Ke2 R1d2+ 57. Ke1 Rd1+ 58. Ke2 R1d2+
1/2-1/2

[Event "Europa tch 2011 femenino"]
[Site "Porto Carras"]
[Date "2011.11.10"]
[Round "8.2"]
[White "Majdan Gajewska, Joanna"]
[Black "Havlikova, Kristyna"]
[Result "1-0"]
[WhiteElo "2386"]
[BlackElo "2285"]
[PlyCount "69"]
[EventDate "2011.11.03"]
[EventType "team"]
[EventRounds "9"]
[EventCountry "GRE"]
[Source "lmi"]
[SourceDate "2011.11.03"]
[WhiteTeamCountry "NED"]
[BlackTeamCountry "GRE"]

1. e4 c5 2. Nf3 Nc6 3. d4 cxd4 4. Nxd4 g6 5. c4 Bg7 6. Be3 Nf6 7. Nc3 O-O 8.
Be2 d6 9. O-O Bd7 10. Qd2 Nxd4 11. Bxd4 Bc6 12. f3 Nd7 13. Be3 a5 14. b3 Nc5
15. Rab1 Qb6 16. Rfc1 Rfc8 17. Rc2 Qd8 18. Bf1 Qf8 19. Re1 b6 20. g3 Rd8 21.
Bh3 h6 22. Nd5 Rab8 23. Rd1 Bxd5 24. cxd5 Kh7 25. Rb1 e6 26. a3 Qe8 27. b4 axb4
28. axb4 Na4 29. dxe6 fxe6 30. Rc7 Rd7 31. Rbc1 Rbd8 32. Qa2 Rxc7 33. Rxc7 d5
34. Qa1 e5 35. Bd7 1-0

[Event "Europa tch 2011 femenino"]
[Site "Porto Carras"]
[Date "2011.11.10"]
[Round "8.2"]
[White "Nemcova, Katerina"]
[Black "Zawadzka, Jolanta"]
[Result "0-1"]
[WhiteElo "2276"]
[BlackElo "2326"]
[PlyCount "64"]
[EventDate "2011.11.03"]
[EventType "team"]
[EventRounds "9"]
[EventCountry "GRE"]
[Source "lmi"]
[SourceDate "2011.11.03"]
[WhiteTeamCountry "NED"]
[BlackTeamCountry "GRE"]

1. c4 e6 2. Nf3 d5 3. e3 Nf6 4. b3 c6 5. Bb2 Bd6 6. d4 O-O 7. Bd3 Nbd7 8. Nbd2
Qc7 9. O-O b6 10. Rc1 Bb7 11. Qc2 h6 12. h3 Rfe8 13. Qb1 Rad8 14. a4 Qb8 15.
Qa1 a5 16. Rfd1 c5 17. cxd5 exd5 18. Bb5 Re6 19. Nb1 Ne4 20. Nc3 Rg6 21. Nxe4
dxe4 22. Nh4 Rg5 23. Bxd7 Rxd7 24. dxc5 bxc5 25. Rc2 Qd8 26. Rdc1 Bd5 27. Rc3
Be6 28. Qb1 Rh5 29. g3 Rxh4 30. gxh4 Qxh4 31. Rxc5 Bxh3 32. Rc8+ Kh7 0-1

[Event "Europa tch 2011 femenino"]
[Site "Porto Carras"]
[Date "2011.11.10"]
[Round "8.2"]
[White "Olsarova, Tereza"]
[Black "Toma, Katarzyna"]
[Result "1-0"]
[WhiteElo "2232"]
[BlackElo "2297"]
[PlyCount "75"]
[EventDate "2011.11.03"]
[EventType "team"]
[EventRounds "9"]
[EventCountry "GRE"]
[Source "lmi"]
[SourceDate "2011.11.03"]
[WhiteTeamCountry "NED"]
[BlackTeamCountry "GRE"]

1. f4 c5 2. b3 Nf6 3. Bb2 e6 4. Nf3 Nc6 5. e3 b6 6. a3 Bb7 7. Bd3 Be7 8. O-O
Rc8 9. Qe2 d5 10. f5 exf5 11. Bxf5 Rc7 12. c4 O-O 13. Nc3 Bc8 14. Bc2 dxc4 15.
bxc4 Bg4 16. Qf2 Rd7 17. Rad1 Na5 18. d3 Qb8 19. Ne2 b5 20. cxb5 Qxb5 21. Rb1
Qa6 22. Ne5 Rd6 23. Ng3 Re6 24. d4 cxd4 25. Bxd4 Nc6 26. Nxc6 Rxc6 27. Nf5 Bd8
28. Rb8 Rc8 29. Rxc8 Qxc8 30. Nxg7 Kxg7 31. Bxf6+ Bxf6 32. Qxf6+ Kg8 33. Bf5
Bxf5 34. Rxf5 h6 35. Rf4 Kh7 36. h3 Qe8 37. e4 a5 38. Rh4 1-0

[Event "Europa tch 2011 femenino"]
[Site "Porto Carras"]
[Date "2011.11.10"]
[Round "8.2"]
[White "Socko, Monika"]
[Black "Kulovana, Eva"]
[Result "1/2-1/2"]
[WhiteElo "2479"]
[BlackElo "2297"]
[PlyCount "157"]
[EventDate "2011.11.03"]
[EventType "team"]
[EventRounds "9"]
[EventCountry "GRE"]
[Source "lmi"]
[SourceDate "2011.11.03"]
[WhiteTeamCountry "NED"]
[BlackTeamCountry "GRE"]

1. d4 d5 2. c4 c6 3. Nf3 Nf6 4. Qb3 dxc4 5. Qxc4 Bf5 6. g3 e6 7. Bg2 Nbd7 8.
O-O Be7 9. e3 O-O 10. Rd1 Qc7 11. Nc3 Rac8 12. Qe2 e5 13. dxe5 Nxe5 14. Nxe5
Qxe5 15. e4 Bg4 16. f3 Bc5+ 17. Kh1 Bd7 18. Bf4 Qe6 19. Bg5 Rc7 20. Rac1 Bc8
21. e5 Ne8 22. Ne4 Be7 23. b3 f6 24. Be3 b6 25. exf6 Bxf6 26. Bf4 Re7 27. Bh3
Qxh3 28. Nxf6+ Kf7 29. Ne4 Kg8 30. Rxc6 Kh8 31. Rc3 Nf6 32. Re3 Nxe4 33. Rxe4
Rxe4 34. Qxe4 Qh5 35. Kg1 Re8 36. Qc6 Bh3 37. Bg5 h6 38. Qxe8+ Qxe8 39. Rd8
Qxd8 40. Bxd8 Be6 41. Kf2 Kg8 42. Ke3 Kf7 43. Kd4 Ke8 44. Bc7 Kd7 45. Be5 g6
46. g4 h5 47. gxh5 gxh5 48. Bb8 a5 49. Ke5 a4 50. bxa4 Bxa2 51. Kf6 Bb3 52. Kg6
Bxa4 53. Kxh5 Ke7 54. Kg5 Kf7 55. f4 Bb3 56. h4 b5 57. f5 Bc4 58. Bd6 Ba2 59.
h5 Bc4 60. Bb4 Ba2 61. Bc3 Bc4 62. h6 Kg8 63. Kg6 Bf7+ 64. Kf6 Bc4 65. Bd2 Ba2
66. Bc1 Bc4 67. Kg6 Bf7+ 68. Kg5 Bc4 69. Kf6 Ba2 70. Ke7 Bc4 71. f6 Bb3 72. Kd6
Ba2 73. Kc5 Bc4 74. Bb2 Kh7 75. Bc1 Kg8 76. Bd2 Kh7 77. Kd6 Kg8 78. Kc6 Kh7 79.
Kd6 1/2-1/2

[Event "Europa tch 2011 femenino"]
[Site "Porto Carras"]
[Date "2011.11.10"]
[Round "8.3"]
[White "Khurtsidze, Nino"]
[Black "Djingarova, Emilia"]
[Result "1-0"]
[WhiteElo "2440"]
[BlackElo "2309"]
[PlyCount "73"]
[EventDate "2011.11.03"]
[EventType "team"]
[EventRounds "9"]
[EventCountry "GRE"]
[Source "lmi"]
[SourceDate "2011.11.03"]
[WhiteTeamCountry "NED"]
[BlackTeamCountry "GRE"]

1. Nf3 d5 2. e3 Nf6 3. b3 g6 4. Bb2 Bg7 5. c4 c6 6. d4 O-O 7. Nc3 Bg4 8. Be2
Nbd7 9. h3 Bxf3 10. Bxf3 e5 11. O-O e4 12. Be2 Re8 13. Ba3 Bf8 14. Bxf8 Nxf8
15. b4 Ne6 16. Qb3 a6 17. Rfc1 Qd6 18. a4 h5 19. cxd5 cxd5 20. a5 g5 21. b5 g4
22. bxa6 bxa6 23. Qa3 Qd8 24. h4 g3 25. fxg3 Kh8 26. Rf1 Rg8 27. Rf5 Rxg3 28.
Raf1 Nxd4 29. exd4 Qc7 30. Qc5 Qxc5 31. dxc5 Rxc3 32. Rxf6 Rxc5 33. R1f5 Rxa5
34. Rg5 Kh7 35. Rxf7+ Kh6 36. Rxh5+ Kg6 37. Rhf5 1-0

[Event "Europa tch 2011 femenino"]
[Site "Porto Carras"]
[Date "2011.11.10"]
[Round "8.3"]
[White "Nikolova, Adriana"]
[Black "Melia, Salome"]
[Result "0-1"]
[WhiteElo "2286"]
[BlackElo "2392"]
[PlyCount "94"]
[EventDate "2011.11.03"]
[EventType "team"]
[EventRounds "9"]
[EventCountry "GRE"]
[Source "lmi"]
[SourceDate "2011.11.03"]
[WhiteTeamCountry "NED"]
[BlackTeamCountry "GRE"]

1. e4 c6 2. d4 d5 3. Nc3 dxe4 4. Nxe4 Bf5 5. Ng3 Bg6 6. h4 h6 7. Nf3 Nd7 8. Bd3
Bxd3 9. Qxd3 e6 10. Bd2 Ngf6 11. O-O-O Qc7 12. Kb1 O-O-O 13. c4 Bd6 14. Ne4
Nxe4 15. Qxe4 Nf6 16. Qe2 Qe7 17. a3 Kb8 18. Ka2 Rhe8 19. Bc3 Bc7 20. Bb4 Bd6
21. Bc3 Bc7 22. Rhe1 Qf8 23. Ne5 Nd7 24. Bb4 Qg8 25. Nxd7+ Rxd7 26. d5 cxd5 27.
cxd5 e5 28. d6 Bb6 29. Qb5 f6+ 30. b3 Qf7 31. f3 Rc8 32. Rc1 Rdd8 33. Qd3 Bd4
34. Qd2 h5 35. Rxc8+ Rxc8 36. Rc1 Qd7 37. a4 Rxc1 38. Qxc1 Qc6 39. Qd2 b6 40.
Kb1 a5 41. Ba3 Kb7 42. Qd3 Qc3 43. Qb5 Qc6 44. Qd3 Qc3 45. Qe4+ Kb8 46. Qd5
Qd3+ 47. Kc1 Be3+ 0-1

[Event "Europa tch 2011 femenino"]
[Site "Porto Carras"]
[Date "2011.11.10"]
[Round "8.3"]
[White "Videnova, Iva"]
[Black "Javakhishvili, Lela"]
[Result "1/2-1/2"]
[WhiteElo "2297"]
[BlackElo "2475"]
[PlyCount "93"]
[EventDate "2011.11.03"]
[EventType "team"]
[EventRounds "9"]
[EventCountry "GRE"]
[Source "lmi"]
[SourceDate "2011.11.03"]
[WhiteTeamCountry "NED"]
[BlackTeamCountry "GRE"]

1. e4 c5 2. Nf3 e6 3. d4 cxd4 4. Nxd4 a6 5. Bd3 Bc5 6. Nb3 Be7 7. Qg4 g6 8. Qe2
d6 9. O-O Nd7 10. Na3 Ne5 11. Nc4 Nxc4 12. Bxc4 Qc7 13. a4 Bd7 14. a5 Rc8 15.
Bd3 e5 16. Nd2 Be6 17. b3 Nf6 18. Nc4 Rd8 19. Be3 Qc6 20. f3 O-O 21. Rfd1 Rfe8
22. Nb6 d5 23. exd5 Nxd5 24. Nxd5 Bxd5 25. c4 Be6 26. Be4 Qc7 27. Rxd8 Rxd8 28.
Qf2 f5 29. Bb6 Qc8 30. Bc2 Rd6 31. Qe2 Kf7 32. Kf1 Qd7 33. Rd1 Rxd1+ 34. Qxd1
Bb4 35. Qxd7+ Bxd7 36. Bc7 Ke6 37. Ke2 Bc6 38. Bb6 h5 39. h3 Be7 40. Bf2 Bb4
41. Be1 Bxe1 42. Kxe1 h4 43. Kf2 Kd6 44. b4 Bd7 45. g4 hxg3+ 46. Kxg3 g5 47.
Kg2 1/2-1/2

[Event "Europa tch 2011 femenino"]
[Site "Porto Carras"]
[Date "2011.11.10"]
[Round "8.4"]
[White "Gaponenko, Inna"]
[Black "Gara, Ticia"]
[Result "1/2-1/2"]
[WhiteElo "2435"]
[BlackElo "2375"]
[PlyCount "93"]
[EventDate "2011.11.03"]
[EventType "team"]
[EventRounds "9"]
[EventCountry "GRE"]
[Source "lmi"]
[SourceDate "2011.11.03"]
[WhiteTeamCountry "NED"]
[BlackTeamCountry "GRE"]

1. e4 c5 2. Nf3 d6 3. d4 cxd4 4. Nxd4 Nf6 5. Nc3 e6 6. Be3 Be7 7. f3 Nc6 8. Qd2
O-O 9. O-O-O d5 10. Be2 dxe4 11. Nxc6 bxc6 12. Qxd8 Bxd8 13. Nxe4 Nxe4 14. fxe4
Bb6 15. Bf4 Bb7 16. Rd7 Bc8 17. Rdd1 Bb7 18. Bd6 Rfd8 19. c3 c5 20. Bf3 c4 21.
e5 Bxf3 22. gxf3 Be3+ 23. Kc2 Rac8 24. h3 h6 25. Rhe1 Bf4 26. Re4 g5 27. b3
cxb3+ 28. axb3 f6 29. h4 fxe5 30. hxg5 hxg5 31. c4 Kf7 32. Bxe5 Rxd1 33. Kxd1
Bxe5 34. Rxe5 Kf6 35. Ra5 Rc7 36. Kd2 e5 37. Ke3 Rb7 38. Ke4 Rxb3 39. Ra6+ Rb6
40. Rxa7 Rd6 41. Rc7 Rd4+ 42. Ke3 Ke6 43. Rc8 Kd7 44. Rc5 Kd6 45. Rc8 Kd7 46.
Rc5 Kd6 47. Rc8 1/2-1/2

[Event "Europa tch 2011 femenino"]
[Site "Porto Carras"]
[Date "2011.11.10"]
[Round "8.4"]
[White "Gara, Anita"]
[Black "Muzychuk, Mariya"]
[Result "0-1"]
[WhiteElo "2340"]
[BlackElo "2460"]
[PlyCount "114"]
[EventDate "2011.11.03"]
[EventType "team"]
[EventRounds "9"]
[EventCountry "GRE"]
[Source "lmi"]
[SourceDate "2011.11.03"]
[WhiteTeamCountry "NED"]
[BlackTeamCountry "GRE"]

1. e4 c5 2. Nf3 e6 3. d4 cxd4 4. Nxd4 a6 5. Bd3 Nc6 6. Nxc6 bxc6 7. c4 Nf6 8.
O-O e5 9. Nc3 Bc5 10. Qe2 O-O 11. Be3 Bd4 12. Bxd4 exd4 13. Na4 d6 14. c5 dxc5
15. Nxc5 Nd7 16. Rac1 Qa5 17. Nb3 Qb6 18. Rc4 Ne5 19. Rc5 Bg4 20. f3 Nd7 21.
Rg5 Be6 22. f4 f6 23. Rg3 Rae8 24. Kh1 a5 25. Bc4 Rf7 26. Re1 c5 27. Bb5 Bd5
28. Nd2 f5 29. e5 Re6 30. a4 Nf6 31. Nc4 Qc7 32. Nd6 Ne4 33. Nxe4 fxe4 34. Bc4
Bxc4 35. Qxc4 Qc6 36. Rb3 Rxf4 37. Rb8+ Rf8 38. Rb5 e3 39. Rxc5 Qa6 40. Rb5 d3
41. Qxd3 Rxe5 42. h3 Qe6 43. Kg1 Re8 44. Re2 h6 45. Qd4 Re4 46. Qd1 Re5 47.
Rxe5 Qxe5 48. Qb3+ Kh8 49. Qd3 Kg8 50. b3 Kh8 51. Qc4 Rd8 52. Qc2 Qf4 53. Qc1
Rd2 54. Qf1 Qe4 55. Kh2 Kh7 56. Qe1 Qc2 57. Rxe3 Rxg2+ 0-1

[Event "Europa tch 2011 femenino"]
[Site "Porto Carras"]
[Date "2011.11.10"]
[Round "8.4"]
[White "Lahno, Kateryna"]
[Black "Hoang, Thanh Trang"]
[Result "1/2-1/2"]
[WhiteElo "2549"]
[BlackElo "2446"]
[PlyCount "99"]
[EventDate "2011.11.03"]
[EventType "team"]
[EventRounds "9"]
[EventCountry "GRE"]
[Source "lmi"]
[SourceDate "2011.11.03"]
[WhiteTeamCountry "NED"]
[BlackTeamCountry "GRE"]

1. d4 f5 2. g3 Nf6 3. Bg2 g6 4. Nf3 Bg7 5. O-O O-O 6. b3 d6 7. Bb2 Qe8 8. c4 c6
9. Qc2 Na6 10. Nbd2 h6 11. a3 g5 12. e4 Qg6 13. e5 Nh7 14. Rfe1 d5 15. cxd5
cxd5 16. b4 Be6 17. b5 Rac8 18. Qd3 Nb8 19. Nb3 b6 20. Rac1 h5 21. h4 Bh6 22.
Rxc8 Rxc8 23. Bc1 g4 24. Nh2 Nf8 25. Bxh6 Qxh6 26. Nf1 f4 27. gxf4 Qxf4 28. Ne3
Qf7 29. Rc1 Rxc1+ 30. Nxc1 Ng6 31. Bxd5 Bxd5 32. Nxd5 Nxh4 33. Qe4 Qf3 34. Qxf3
Nxf3+ 35. Kg2 Nxd4 36. Nxe7+ Kf7 37. Nc8 Nxb5 38. a4 Nc3 39. Nxa7 Nd7 40. Nd3
Nxa4 41. f3 gxf3+ 42. Kxf3 Nac5 43. Nf4 Nxe5+ 44. Kg2 h4 45. Nc8 Ncd7 46. Nxb6
Nxb6 47. Kh3 Nf3 48. Ng2 Nd5 49. Nxh4 Nxh4 50. Kxh4 1/2-1/2

[Event "Europa tch 2011 femenino"]
[Site "Porto Carras"]
[Date "2011.11.10"]
[Round "8.4"]
[White "Madl, Ildiko"]
[Black "Ushenina, Anna"]
[Result "0-1"]
[WhiteElo "2399"]
[BlackElo "2463"]
[PlyCount "80"]
[EventDate "2011.11.03"]
[EventType "team"]
[EventRounds "9"]
[EventCountry "GRE"]
[Source "lmi"]
[SourceDate "2011.11.03"]
[WhiteTeamCountry "NED"]
[BlackTeamCountry "GRE"]

1. e4 c5 2. Nf3 Nc6 3. d4 cxd4 4. Nxd4 g6 5. Nc3 Bg7 6. Be3 Nf6 7. Nxc6 bxc6 8.
e5 Ng8 9. Bd4 Qa5 10. Bc4 Bxe5 11. O-O Nh6 12. Bxe5 Qxe5 13. Re1 Qf4 14. Re4
Qg5 15. h4 Qf6 16. Qd2 Nf5 17. Rf4 O-O 18. g4 e5 19. Rf3 d5 20. gxf5 dxc4 21.
Qh6 Bxf5 22. Re1 Qe6 23. Rfe3 f6 24. Ne4 Bxe4 25. Rxe4 Rab8 26. b3 cxb3 27.
axb3 Rbd8 28. Qe3 Rd7 29. Ra1 Qf5 30. Rc4 Rfd8 31. Kg2 Rd4 32. Rxd4 exd4 33.
Qe7 Rd7 34. Qe8+ Kg7 35. Ra5 Qg4+ 36. Kf1 Rc7 37. Rc5 Qxh4 38. Qd8 Qh1+ 39. Ke2
Qe4+ 40. Kf1 Re7 0-1

[Event "Europa tch 2011 femenino"]
[Site "Porto Carras"]
[Date "2011.11.10"]
[Round "8.5"]
[White "Bojkovic, Natasa"]
[Black "Danielian, Elina"]
[Result "1/2-1/2"]
[WhiteElo "2396"]
[BlackElo "2507"]
[PlyCount "77"]
[EventDate "2011.11.03"]
[EventType "team"]
[EventRounds "9"]
[EventCountry "GRE"]
[Source "lmi"]
[SourceDate "2011.11.03"]
[WhiteTeamCountry "NED"]
[BlackTeamCountry "GRE"]

1. e4 c6 2. d4 d5 3. e5 Bf5 4. h4 h5 5. c4 e6 6. Nc3 Nd7 7. Nge2 Be7 8. cxd5
cxd5 9. Bg5 Bxg5 10. hxg5 a6 11. Qd2 b5 12. a4 b4 13. Nd1 a5 14. Ng3 Bg6 15.
Bb5 Rc8 16. Rc1 Ne7 17. Ne3 Rxc1+ 18. Qxc1 h4 19. Ne2 Kf8 20. Nf4 Kg8 21. Ke2
Nf5 22. Nxg6 Nxd4+ 23. Kd3 Nxb5 24. Nxh8 Nxe5+ 25. Ke2 Nd4+ 26. Kf1 Qa8 27. Qd1
Qa6+ 28. Kg1 Ne2+ 29. Kh2 Kxh8 30. Re1 Nf4 31. Nxd5 Nxd5 32. Rxe5 Qc4 33. Kg1
g6 34. Qe2 Qc1+ 35. Kh2 Qf4+ 36. Kg1 Qc1+ 37. Kh2 Qf4+ 38. Kg1 Qc1+ 39. Kh2
1/2-1/2

[Event "Europa tch 2011 femenino"]
[Site "Porto Carras"]
[Date "2011.11.10"]
[Round "8.5"]
[White "Kursova, Maria"]
[Black "Drljevic, Ljilja"]
[Result "1-0"]
[WhiteElo "2315"]
[BlackElo "2273"]
[PlyCount "89"]
[EventDate "2011.11.03"]
[EventType "team"]
[EventRounds "9"]
[EventCountry "GRE"]
[Source "lmi"]
[SourceDate "2011.11.03"]
[WhiteTeamCountry "NED"]
[BlackTeamCountry "GRE"]

1. d4 Nf6 2. Nf3 d6 3. c4 g6 4. Nc3 Bg7 5. g3 O-O 6. Bg2 Nbd7 7. O-O e5 8. e4
c6 9. h3 Qb6 10. Re1 exd4 11. Nxd4 Re8 12. Re2 Qb4 13. Rc2 Nc5 14. a3 Qb6 15.
Be3 Qc7 16. f3 a6 17. b4 Ncd7 18. Qf1 Nh5 19. Qf2 c5 20. bxc5 dxc5 21. Nde2 Ne5
22. Rd1 Qa5 23. Bxc5 Nxc4 24. f4 Nf6 25. e5 Bf5 26. Rcc1 Nb2 27. exf6 Nxd1 28.
Rxd1 Bf8 29. Bxf8 Kxf8 30. g4 Be6 31. f5 Bc4 32. Qf4 Rxe2 33. Nxe2 Bxe2 34.
Qh6+ Ke8 35. Qe3+ Kf8 36. Qxe2 Re8 37. Qf2 Qxa3 38. Qd2 Qc5+ 39. Kh1 Qe3 40.
Qxe3 Rxe3 41. Rd8+ Re8 42. Rxe8+ Kxe8 43. fxg6 fxg6 44. Bxb7 g5 45. Bd5 1-0

[Event "Europa tch 2011 femenino"]
[Site "Porto Carras"]
[Date "2011.11.10"]
[Round "8.5"]
[White "Mkrtchian, Lilit"]
[Black "Chelushkina, Irina"]
[Result "1-0"]
[WhiteElo "2469"]
[BlackElo "2276"]
[PlyCount "83"]
[EventDate "2011.11.03"]
[EventType "team"]
[EventRounds "9"]
[EventCountry "GRE"]
[Source "lmi"]
[SourceDate "2011.11.03"]
[WhiteTeamCountry "NED"]
[BlackTeamCountry "GRE"]

1. d4 Nf6 2. c4 c5 3. Nf3 e6 4. Nc3 a6 5. e3 d5 6. a3 dxc4 7. Bxc4 b5 8. Ba2
Bb7 9. O-O Be7 10. Qe2 Nbd7 11. Rd1 Qb8 12. d5 Nxd5 13. Nxd5 exd5 14. Bxd5 Bxd5
15. Rxd5 Qb7 16. e4 Nb6 17. Rh5 g6 18. Rh3 O-O-O 19. Bf4 f6 20. Nd2 g5 21. Be3
Kb8 22. b3 Rd6 23. a4 b4 24. Rf3 Rhd8 25. Rf5 Rd3 26. a5 Nc8 27. f3 Qb5 28. Qf2
Rc3 29. Nf1 Rdd3 30. h4 h6 31. hxg5 hxg5 32. e5 fxe5 33. Rxe5 Bf6 34. Rf5 Rxe3
35. Rxf6 Re5 36. Qg3 c4 37. Re6 Qc5+ 38. Kh2 Rxb3 39. Rxe5 Qc7 40. Rc5 Qxg3+
41. Nxg3 c3 42. Ne4 1-0

[Event "Europa tch 2011 femenino"]
[Site "Porto Carras"]
[Date "2011.11.10"]
[Round "8.5"]
[White "Stojanovic, Andjelija"]
[Black "Galojan, Lilit"]
[Result "1-0"]
[WhiteElo "2280"]
[BlackElo "2383"]
[PlyCount "56"]
[EventDate "2011.11.03"]
[EventType "team"]
[EventRounds "9"]
[EventCountry "GRE"]
[Source "lmi"]
[SourceDate "2011.11.03"]
[WhiteTeamCountry "NED"]
[BlackTeamCountry "GRE"]

1. e4 c5 2. Nf3 e6 3. d4 cxd4 4. Nxd4 Nc6 5. Nc3 Qc7 6. Be2 a6 7. Be3 Nf6 8. a3
Be7 9. f4 d6 10. g4 Nxd4 11. Qxd4 e5 12. Qd2 Bxg4 13. Bxg4 Nxg4 14. O-O-O Nxe3
15. Qxe3 Rc8 16. f5 h6 17. Kb1 Bg5 18. Qd3 O-O 19. h4 Bf6 20. Rdg1 Kh7 21. Rg4
Rg8 22. Rhg1 Qd8 23. Qg3 Rc4 24. Nd5 b5 25. b3 Rc5 26. Qf3 a5 27. R4g2 Rxd5 28.
exd5 Bxh4 1-0